[Event "FRA-chT U20"]
[Site "Pau"]
[Date "2005.12.19"]
[Round "5"]
[White "Robinson, Sean"]
[Black "Zychowski, Antoine"]
[Result "1-0"]
[WhiteElo "1200"]
[BlackElo "1099"]
[PlyCount "77"]
[EventDate "2005.12.??"]
[EventType "team"]
[EventRounds "11"]
[EventCountry "FRA"]
[SourceTitle "EXT 2007"]
[Source "ChessBase"]
[SourceDate "2006.11.23"]
[SourceVersion "1"]
[SourceVersionDate "2006.11.23"]
[SourceQuality "1"]
[WhiteTeam "Hyeres"]
[BlackTeam "Bois Colombes"]
[WhiteTeamCountry "FRA"]
[BlackTeamCountry "FRA"]

1. e4 e5 2. Nf3 Nc6 3. Bc4 Nf6 4. Nc3 d6 5. Ng5 Nd7 6. Nxf7 Qe7 7. Nxh8 Nf6 8. Nf7 Be6 9. Bxe6 Qxe6 10. Ng5 Qd7 11. 0-0 0-0-0 12. Nd5 Nxd5 13. exd5 Ne7 14. Ne6 Re8 15. Qf3 Nxd5 16. Qxd5 Rxe6 17. Re1 c6 18. Qb3 Rg6 19. c4 Qg4 20. Qg3 Qxc4 21. Qh3+ Kc7 22. Qf3 Be7 23. Re4 Qc2 24. Re3 Rg5 25. Rc3 Qa4 26. b3 Qb4 27. a3 Qd4 28. Rc4 Qxa1 29. Qf7 Kd7 30. g3 Qb1 31. Kg2 Qxb3 32. d4 b5 33. Bxg5 bxc4 34. Qxe7+ Kc8 35. Qd8+ Kb7 36. Qd7+ Kb6 37. Bd8+ Kb5 38. Qb7+ Ka4 39. Qa6# 1-0

[Event "FRA-chT U20"]
[Site "Pau"]
[Date "2005.12.19"]
[Round "5"]
[White "Zychowski, Antoine"]
[Black "Baudry, Remi"]
[Result "1-0"]
[WhiteElo "1009"]
[BlackElo "1300"]
[PlyCount "71"]
[EventDate "2005.12.??"]
[EventType "team"]
[EventRounds "11"]
[EventCountry "FRA"]
[SourceTitle "EXT 2007"]
[Source "ChessBase"]
[SourceDate "2006.11.23"]
[SourceVersion "1"]
[SourceVersionDate "2006.11.23"]
[SourceQuality "1"]
[WhiteTeam "Bois Colombes"]
[BlackTeam "Hyeres"]
[WhiteTeamCountry "FRA"]
[BlackTeamCountry "FRA"]

1. e4 e5 2. Nf3 Nc6 3. Bb5 d6 4. 0-0 Nf6 5. d4 a6 6. Bxc6+ bxc6 7. dxe5 Nxe4 8. Nc3 Nxc3 9. bxc3 d5 10. Qd4 Bf5 11. Qa4 Qd7 12. Re1 Kd8 13. Bg5+ Be7 14. Rad1 h6 15. Bxe7+ Kxe7 16. Qb4+ Kd8 17. c4 Bxc2 18. Rd2 Be4 19. Rxe4 dxe4 20. Rxd7+ Kxd7 21. Nd4 Rab8 22. Qe1 Rhe8 23. f4 exf3 24. gxf3 Rb4 25. Qxb4 Rxe5 26. Kf2 c5 27. Qa5 Re7 28. Qxc5 g5 29. Qc6+ Kc8 30. Qxa6+ Kd7 31. a4 h5 32. Qb5+ Kc8 33. a5 g4 34. fxg4 hxg4 35. Nc6 Rd7 36. Qb8# 1-0

[Event "FRA-chT U20 0506"]
[Site "France"]
[Date "2005.11.13"]
[Round "3.9"]
[White "Zychowski, Antoine"]
[Black "Pouillart, Cecile"]
[Result "0-1"]
[WhiteElo "1009"]
[BlackElo "1390"]
[PlyCount "90"]
[EventDate "2005.11.12"]
[EventType "team"]
[EventRounds "3"]
[EventCountry "FRA"]
[SourceTitle "CBM 109 Extra"]
[Source "ChessBase"]
[SourceDate "2006.01.03"]
[SourceVersion "2"]
[SourceVersionDate "2006.01.03"]
[SourceQuality "1"]

1. e4 e5 2. Nf3 Nc6 3. Be2 Nf6 4. Nc3 Bb4 5. a3 Bxc3 6. dxc3 Nxe4 7. Qd3 Nf6 8. Bg5 h6 9. Bxf6 Qxf6 10. 0-0 0-0 11. Rad1 d6 12. Qe4 Bf5 13. Qe3 Bxc2 14. Rd2 Bf5 15. Bd3 Rfe8 16. Bxf5 Qxf5 17. Qd3 Qxd3 18. Rxd3 e4 19. Re3 exf3 20. Rxf3 Re2 21. b4 Ra2 22. c4 Nd4 23. Rd3 Nc2 24. Rd2 a5 25. Rc1 Re8 26. Kf1 axb4 27. Rdxc2 Rxa3 28. Rb2 c5 29. Re1 Kf8 30. Rxe8+ Kxe8 31. Ke2 Rc3 32. Kd2 Rxc4 33. Kd3 Rc3+ 34. Kd2 Ke7 35. Rb1 Ke6 36. Re1+ Kd5 37. Re7 Kc4 38. Rxb7 b3 39. Kd1 Rc2 40. Ra7 Kc3 41. Ra1 Rd2+ 42. Kc1 b2+ 43. Kb1 bxa1Q+ 44. Kxa1 Kb3 45. f4 Rd1# 0-1

[Event "FRA-chT U20 0506"]
[Site "France"]
[Date "2005.11.12"]
[Round "1.9"]
[White "Rigolot, Lucie"]
[Black "Zychowski, Antoine"]
[Result "0-1"]
[WhiteElo "1620"]
[BlackElo "1009"]
[PlyCount "36"]
[EventDate "2005.11.12"]
[EventType "team"]
[EventRounds "3"]
[EventCountry "FRA"]
[SourceTitle "CBM 109 Extra"]
[Source "ChessBase"]
[SourceDate "2006.01.03"]
[SourceVersion "2"]
[SourceVersionDate "2006.01.03"]
[SourceQuality "1"]

1. e4 c5 2. d4 cxd4 3. Qxd4 Nc6 4. Qc4 d6 5. Nc3 Nf6 6. Nf3 e6 7. Qd3 Be7 8. Be2 0-0 9. 0-0 Nb4 10. Qe3 Nxc2 11. Qd3 Nxa1 12. Qb1 d5 13. Rd1 Qa5 14. Qxa1 dxe4 15. Nd2 Rd8 16. Ncxe4 Nxe4 17. Nxe4 Rxd1+ 18. Bxd1 Qe1# 0-1